00331nam a22001337a 4500003000400000020001800004082001900022100002100041245006000062250000800122260003800130300001000168650001900178SGT a9780702049811 a617.0707bC17O a Odell Edward W aCawson's Essentials of Oral Pathology and Oral Medicine a9TH aNEW DELHI bElsevier India c2017 a1-545 aOral Pathology